00262nam a22000737a 4500100002400000245010600024260004900130300000900179 aSiriwardena,K.A.V.S aStudies on Volatile Constituents and in Vitro Antioxidant Capacity of Nyctanthes arbortristis Flowers acolombobInstitute of Chemistry Ceylonc2012 a54 p